One Piece Blackbeard Pirates - Statistics

General Stats
  • This quiz has been taken 343 times
  • The average score is 9 of 12
Answer Stats
Picture Answer % Correct
Marshall D. Teach
100%
Kuzan
85%
Jesus Burgess
83%
Shiryu
82%
Van Augur
78%
Doc Q
77%
Laffitte
76%
Vasco Shot
71%
Catarina Devon
65%
Sanjuan Wolf
64%
Stronger
58%
Avalo Pizarro
55%
No matching quizzes found
Score Distribution
Percent of People with Each Score
Percentile by Number Answered
Your Score History
You have not taken this quiz